Statistics for Countries with Safest Roads

Click here to take the quiz!

General Stats

  • This quiz has been taken 578 times
  • The average score is 14 of 20

Answer Stats

Road
Fatalities
Country% Correct
4.5Germany
94%
3.6United Kingdom
94%
2.9Sweden
92%
3.4Norway
91%
6.5Finland
90%
5.5France
90%
3.9Japan
88%
3.1Denmark
87%
6.9Spain
87%
5.7Australia
84%
3.9Netherlands
84%
3.5Ireland
82%
3.8Iceland
81%
4.7Switzerland
80%
4.8Singapore
60%
5.1China
57%
3.4Malta
43%
3.7Israel
39%
6.9Macedonia
6%
6.6Saint Vincent and the Grenadines
3%

Score Distribution

Percentile by Number Answered

Percent of People with Each Score

Your Score History

You have not taken this quiz